000 01155nam a22001817a 4500
003 BR-ViAPE
005 20260515124037.0
008 260515s1876 por gst|||s000 0 por d
040 _cBR-ViAPE
100 _aAlves, Hermillo Candido da Costa
_cEngenheiro Chefe da comissão de estudos
245 _aRelatório apresentado ao Illm. e Exm. Sr. Conselheiro Thomaz José Coelho de Almeida ministro e secretario de Estado dos negócios da agricultura, comércio e obras públicas pelo engenheiro Hermillo Candido da Costa Alves chefe da comissão de estudos:
_bestrada de ferro da Vitória para Minas
260 _aRio de Janeiro
_bTypographia Nacional
_c1876
300 _a99 p.
_bDocumento digitalizado (PDF)
500 _aDocumento digitalizado do acervo institucional do Arquivo Público do Estado do Espírito Santo - APEES.
650 _aObras públicas
_xEngenharia
_xEstrada de ferro
_xVitória (ES)
_xMinas Gerais (Brasil)
_zEspírito Santo (Brasil)
856 _uhttps://ape.es.gov.br/Media/ape/PDF/Livros/Livros_Historicos/Obras_raras/seculo_XIX/APEES_OR_estrada_de_ferro_relat_1876.pdf
_yCLIQUE AQUI PARA ACESSAR O DOCUMENTO
942 _2ddc
_cOBRAS_RARA
_n1
999 _c684
_d684